The Pakistan Anti-Hero: (Record no. 614087)

000 -LEADER
fixed length control field 00411nam a22001337a 4500
020 ## - INTERNATIONAL STANDARD BOOK NUMBER
International Standard Book Number 9789694026053
082 ## - DEWEY DECIMAL CLASSIFICATION NUMBER
Classification number 320.95491
Author Mark PAR
100 ## - MAIN ENTRY--PERSONAL NAME
Personal name Paracha, Nadeem Farooq
245 ## - TITLE STATEMENT
Title The Pakistan Anti-Hero:
Remainder of title history of Pakistan Nationalism through the lives of Iconoclasts /
Statement of responsibility, etc. Nadeem Farooq Paracha
260 ## - PUBLICATION, DISTRIBUTION, ETC.
Place of publication, distribution, etc. Lahore:
Name of publisher, distributor, etc. Vanguards Books,
Date of publication, distribution, etc. 2017.
300 ## - PHYSICAL DESCRIPTION
Extent 396 p.
563 ## - BINDING INFORMATION
Binding note HB.
942 ## - ADDED ENTRY ELEMENTS (KOHA)
Source of classification or shelving scheme
Koha item type Book
Holdings
Withdrawn status Lost status Source of classification or shelving scheme Damaged status Not for loan Permanent Location Current Location Date acquired Total Checkouts Full call number Barcode Checked out Date last seen Date last checked out Price effective from Koha item type
          NUST Law School (NLS) NUST Law School (NLS) 07/03/2025 2 320.95491 PAR NLS-3113 02/01/2026 01/02/2026 01/02/2026 07/03/2025 Book
© 2023 Central Library, National University of Sciences and Technology. All Rights Reserved.